| 000 | 01078nam a2200277 i 4500 | ||
|---|---|---|---|
| 003 | EG-ScBUE | ||
| 005 | 20240813115318.0 | ||
| 008 | 100415s1988 ua f 000 0 ara d | ||
| 017 | _a1988 / 8356 | ||
| 040 |
_aEG-ScBUE _bara _erda _cEG-ScBUE _dEG-ScBUE |
||
| 043 |
_aawgz--- _aawba--- _aa-is--- |
||
| 082 | 0 | 4 |
_222 _bخ و ل _a956.94054 |
| 100 | 1 |
_913586 _aخولي، لطفي، _d1928- _eمؤلف. |
|
| 245 | 1 | 2 |
_aالانتفاضة والدولة الفلسطينية / _cلطفي الخولي. |
| 250 | _aالطبعة الأولى. | ||
| 264 | 1 |
_aالقاهرة : _bمركز الأهرام للترجمة والنشر، _c1988. |
|
| 300 |
_a352 صفحة ؛ _c24 سم |
||
| 336 |
_2rdacontent _aنص _btxt |
||
| 337 |
_aبدون وسيط _2rdamedia _bn |
||
| 338 |
_aمجلد _bnc _2rdacarrier |
||
| 541 |
_cإهداء ؛ _aعلاء عبد الغني. |
||
| 650 | 7 |
_913587 _aالانتفاضة الفلسطينية. _2BUEsh |
|
| 650 | 7 |
_98290 _aالمقاومة الفلسطينية. _2BUEsh |
|
| 650 | 7 |
_98530 _aالقضية الفلسطينية. _2BUEsh |
|
| 942 |
_2ddc _cBB |
||
| 999 |
_c13902 _d13902 |
||